BIBLIOTHÈQUE DE LA MAISON DU MEXIQUE

Logo 1 Logo 2

Ernesto Guevara también conocido como el che (notice nᵒ 11112)

détails MARC
000 -Sello discográfico
campo de control de longitud fija 00934nam a2200277 4500
005 - Identificación de versión
campo de control 20251125140938.0
010 ## - Número Estándar Internacional de Libros (ISBN)
Número (ISBN) 968-27-1012-X
035 ## - Otros números de control del sistema
Número de control del sistema 32867
099 ## - fechas locales
Tipo de ítem Koha LIBRO
100 ## - Datos de procesamiento general
Datos de procesamiento general 20120105d2005 m y1spay5003 ba
105 ## - Campo de datos codificados: Material textual, monográfico
Datos codificados de monografía a 001zb
200 1# - Título y mención de responsabilidad
Título propio Ernesto Guevara también conocido como el che
Designación general del material texto impreso
Primer mención de responsabilidad Paco Ignacio Taibo II
205 ## - Declaración de edición
Declaración de edición 1a ed / nueva edición definitiva, corregida y actualizada
210 ## - Publicación, distribución, etc.
Lugar de publicación, distribución, etc. México
Nombre del editor, distribuidor, etc. Editorial Planeta Mexicana
Fecha de publicación, distribución, etc. 2005
215 ## - Descripción física
Designación de material específico y extensión del ítem 834 p
Otras características físicas il., fot.
Dimensiones 19 cm
345 ## - Nota de información de adquisición
Fuente de adquisición/dirección de la suscripción [OBSOLETO] Donación 'Salon du Livre 2009
410 #1 - Series
Título Booket
Nombre de parte o sección Biografías
600 ## - Nombre personal usado como materia
Elemento de entrada Guevara de la Serna
Parte del nombre distinta del elemento de entrada Ernesto
Fechas 1928-1967
Adiciones al nombre que no sean fechas Che
Número Koha 17745
700 ## - Nombre personal - Responsabilidad primaria
Elemento de entrada Taibo Mahojo
Parte del nombre distinta del elemento de entrada Francisco Ignacio
Números romanos II
Fechas 1949-
Adiciones a los nombres que no sean fechas Paco Ignacio
Número Koha 843
801 #0 - Fuente de origen
País FR
Agencia cm
Reglas de catalogación (convenciones descriptivas) AFNOR
900 ## -
-- 1/7007
900 ## -
-- 7100418771\110304
942 ## - ELEMENTOS DE ENTRADA SECUNDARIOS (KOHA)
Tipo de ítem Koha Livre
996 ## -
-- MEX
-- 751145101
-- MMAG
-- 001188
-- 920 CH514T
-- 20120105LIV
Exemplaires
Estatus retirado Estado de daño Estado de pérdida Fecha de adquisición Biblioteca de origen Biblioteca actual Ubicación en estantería Código de barras Precio de reemplazo Signatura topográfica completa No para préstamo Tipo de ítem Koha Nota pública Nota no pública
      05/08/2025 Casa México Paris Casa México Paris   001188 05/08/2025 920 CH514T   Livre 20120105LIV 751145101